000 00717nam a2200289Ia 4500
005 20260324125738.0
008 008 260324s9999 xx 000 0 eng d
020 _a9781315131689
037 _aEBOOK
040 _aCRL
040 _beng
040 _cCRL
041 _2eng
041 _aeng
084 _qCRL
100 _aKlaus Riegel; John Meacham
_91179155
245 4 _aThe Developing Individual in a Changing World
245 0 _bVolume 1, Historical and Cultural Issues
260 _bTaylor and Francis
260 _c2008
365 _a
365 _b145
856 _uhttp://www.taylorfrancis.com/books/9781315131689
942 _cEBOOK
999 _c1774696
_d1774696